Gaming Quiz

Random Gaming or Video Games Quiz

Famous Miis Quiz Stats

Quiz Updated Apr 3, 2013

Challenge
Share
Tweet
Score 0/40 Timer 06:00
18 Plays Today
% Correct
Michael Jackson
95.7%
Mario
92.5%
Albert Einstein
87.1%
Elton John
84.9%
Peter Griffin
81.3%
Betty Boop
77.1%
Jackie Chan
75.4%
Morgan Freeman
75.4%
Jay Leno
73.3%
Abraham Lincoln
71.1%
Butt-head
70.9%
Austin Powers
68%
ALF
67.2%
Chicken Little
63.6%
Mick Jagger
62.1%
Gregory House
58.7%
Marilyn Monroe
58.7%
Madonna
58.6%
Michael Jordan
55.3%
Diddy Kong
55.3%
% Correct
Hulk Hogan
54.5%
Dorothy Gale
52.2%
Lara Croft
51%
Porky Pig
50.3%
Iron Man
49.9%
Leonardo DiCaprio
48.4%
Mr. Bean
45.1%
Clint Eastwood
41.2%
Mohandas Gandhi
39.5%
Muhammad Ali
37.2%
Morpheus
36%
Billy Mays
27.1%
Tiger Woods
25.9%
Edgar Allan Poe
24.1%
Rabbid
23.7%
Michael Myers (Halloween)
23.5%
Johnny Cash
21.4%
Master Chief
19.5%
Roger Federer
11.4%
Fidel Castro
10.1%

You're not logged in!

Compare scores with friends on all Sporcle quizzes.
Sign Up with Email
OR
Log In

You Might Also Like...

Show Comments

Extras

Top Quizzes Today


Score Distribution

Your Account Isn't Verified!

In order to create a playlist on Sporcle, you need to verify the email address you used during registration. Go to your Sporcle Settings to finish the process.